000 01504cam a22002771 4500
001 s 13000121
003 DLC
005 20260227111911.0
008 790503s1882 dcu 001 0 eng c
010 _as 13000121
035 _a(OCoLC)4922075
040 _aLibrary, Smithsonian Institution
_cOKentU
_dOCoLC
_dDLC
042 _apremarc
050 0 0 _aZ5974.U5
_bG47
100 1 _aGill, Theodore,
_d1837-1914.
245 1 0 _aBibliography of the fishes of the Pacific coast of the United States to the end of 1879.
_cBy Theodore Gill.
260 _aWashington,
_bGovt. print. off.,
_c1882.
300 _a2 p. l., 73 p.
_c24 cm.
490 1 _aBulletin of the United States National museum.
_vno. 11
490 1 _aIssued also as vol. 23, art. 1 of the Smithsonian miscellaneous collections
490 0 _aSmithsonian institution publication 463
500 _aIssued with Jordan D. S. Contributions to North American ichthyology. Part III. Washington, 1877-78. Eggers, H. F. A. The flora of St. Croix and the Virgin islands. Washington, 1879. United States. National Museum. Catalogue of the collection to illustrate the animal resources and the fisheries of the United States. Washington, 1879. Kumlien, L. Contributions to the natural history of the Arctic America. Washington, 1879.
650 0 _aFishes
_zPacific Coast
_vBibliography.
810 2 _aUnited States National Museum.
_tBulletin ;
_vno. 11.
810 2 _aSmithsonian Institution.
_tSmithsonian miscellaneous collections ;
_vv. 23, art. 1.
999 _c52670
_d52670